00281 a2200133 4500001000700000020002200007040001100029100002300040240002600063245002100089300000800110362000900118440002000127189518 a978-85-286-1513-5 cMagnum aMoore, Christopher10aUm trabalho sujolpor10aUm trabalho sujo a4480 a2011 1aBertrand Brasil